00338nam a2200121Ia 450000500170000000800410001708200130005810000240007124500250009526000430012030000180016350000350018120250612023102.0240331s9999 xx 000 0 und d bJAYa322 aJayawardane, Kumari 0aKaralikara Bhikshuhu acolombobCentre for Society & Religion a22 p .,( c 2) aA book on Rebellious the monks